| 000 | 00898nam a22001815i 4500 | ||
|---|---|---|---|
| 001 | 54452 | ||
| 003 | ES-MaACL | ||
| 007 | t| | ||
| 008 | 960721s1897 sp ||||1| spa d | ||
| 040 |
_aCAM _bspa _cCAM |
||
| 100 | 1 |
_aForns, Rafael María. _951796 |
|
| 245 | 1 | 0 |
_a¿Por qué siendo tan frecuentes las otitis medias supuradas son tan raras las mastoiditis? _b: explicación de este fenómeno por descubrimientos anatómicos personales / _cdiscurso pronunciado el 22 de noviembre ante la Sección de Oto-rinología por el doctor Forns. |
| 260 |
_aMadrid : _bEstablecimiento tipográfico de A. Avrial, _c1897. |
||
| 300 |
_a6 p. ; _c23 cm. |
||
| 500 | _aPrecede al título: Primer Congreso Español de Oto-rino-laringología, celebrado en Madrid el mes de noviembre de 1896. | ||
| 711 | 2 |
_aCongreso Español de Otorrinolaringología ( _n1º. _d1896. _cMadrid) _9356 |
|
| 852 |
_aES-MaACL _jT-929-F-7 |
||
| 999 |
_c54452 _d54452 |
||